000
00305nam a2200109 a 4500
005
20240306073910.0
008
130805s1972 000 spa d
100
1
_a
Martí, José,
_d
1853-1895
_9
645
245
0
_a
Antología minina.
260
_a
La Habana-- Ciencia sociales,
_c
1972-- 411 p.
999
_c
39550
_d
39550
040
_a
DO-SdBNP